Responses for Show #5765 - Friday, October 9, 2009

Terry Linwood game 2.

Contestants

[<< previous game]

Tammy Queen, a high school English teacher from Adairsville, Georgia

Nathan Murphy, a flight controls engineer from Mountlake Terrace, Washington

Terry Linwood, a bookseller from Plano, Texas (whose 1-day cash winnings total $24,001)

[next game >>]

Jeopardy! Round responses

COUNTRIES' LARGEST ISLANDS
(Alex: These are the largest islands that belong solely to one country.)
HOW SINGERS GOT THEIR NAMES
YORKS: OLDE, NEW & DICK
SPEAK UP!
I'M GETTING "HORSE"
AT THE CANDY FACTORY
(Kelly: From L.A.'s See's Candies, where they're still using some of Mary See's original 1921 recipes.)
    $200 16
Italy

Tammy
    $200 1
Snoop Dogg

Nathan
    $200 6
Canterbury

Nathan
    $200 11
Muhammad Ali

Terry
    $200 17
horseshoes

Nathan
    $200 22
kneading

Nathan
    $400 27
Indonesia

Terry
    $400 2
Eminem

Tammy
    $400 7
Darrin Stephens

Terry
    $400 12
Oscar Wilde

Terry
    $400 18
the Trojan Horse

Terry
    $400 23
a guillotine

Nathan
    $600 28
Norway

Triple Stumper
    $600 3
Alicia Keys

Nathan
    $600 8
the Roman Empire

Tammy
    $2,800 13
Einstein

Terry
    $600 19
(Alex: Lou Gehrig--yes.)

"The Iron Horse"

Nathan
    $600 24
I Love Lucy

Nathan
    $800 29
(Nathan: What is... Vietnam?)
(Terry: What is Japan?)

China

TerryNathan
Triple Stumper
    $800 4
Reservoir Dogs

Terry
    $800 9
Long Island

Nathan
    $800 14
(Nathan: Who is Wagner?)

Beethoven

TerryNathan
    $800 20
a hobbyhorse

Tammy
    $800 25
(Nathan: What's an X-ray?)

a metal detector

Nathan
Triple Stumper
    $1000 30
(Alex: Off the coast of Africa, belonging to... [Taps pen on podium] [*].)

Tanzania

Triple Stumper
    $1000 5
Slash

Nathan
    $1000 10
Richard III

Terry
    $1000 15
Sarah Bernhardt

Terry
    $1000 21
the Four Horsemen of the Apocalypse

Terry
    $1000 26
(Alex: And I should point out that Kelly spent an entire day at the See's candy factory and brought back no samples for Johnny and me. We're going to talk about that later. Make another selection.)
(Nathan: Lucky gal.)

viscosity

Nathan

Scores at the first commercial break (after clue 15):

Terry Nathan Tammy
$7,400 $2,000 $1,000

Scores at the end of the Jeopardy! Round:

Terry Nathan Tammy
$8,400 $3,400 $2,000

Double Jeopardy! Round responses

ELEMENTAL ETYMOLOGY
AFRICAN-AMERICAN SPORTS FIRSTS
LITERARY CHARACTERS' ADS
(Alex: You have to identify the character who might have placed the ad.)
TIME'S 100 MOST INFLUENTIAL PEOPLE
(Alex: ...for 2009.)
CATS
FOREIGN WORDS
    $400 6
the Rhine

Tammy
    $400 26
NASCAR

Tammy
    $400 1
Victor Frankenstein

Tammy
    $400 18
Oprah Winfrey

Tammy
    $400 11
(Tammy: What is a Persian?)

Siamese

NathanTammy
    $400 16
patio

Tammy
    $800 7
silver

Terry
    $800 27
[The end-of-round signal sounds.]

the Chicago Bears

Tammy
    $800 2
(Terry: Who is Doctor Zhivago?)

Anna Karenina

Terry
Triple Stumper
    $800 19
Tim Geithner

Terry
    $800 12
Cornish

Terry
    $800 17
dojo

Terry
    $1200 8
fire

Tammy
    $1200 3
Humbert Humbert

Triple Stumper
    $1200 20
(Alex: With a minute to go.)

Ted Turner

Terry
    $1200 13
Maine

Nathan
    $1200 23
dieu

Terry
    $2,000 9
thorium

Tammy
    $1,000 4
(Tammy: Who is... I don't know.)

Sir Chatterley (Lady Chatterley's husband)

Tammy
    $1600 21
Merkel

Nathan
    $1600 14
a Bengal

Tammy
    $1600 24
Nacht

Terry
    $2000 10
light

Tammy
    $2000 5
Rochester

Tammy
    $2000 22
Sullenberger

Nathan
    $2000 15
wirehair cat

Triple Stumper
    $2000 25
soldi

Triple Stumper

Scores at the end of the Double Jeopardy! Round:

Terry Nathan Tammy
$14,800 $8,600 $12,200

[wagering suggestions for these scores]

Final Jeopardy! Round responses

THE U.S. SENATE
(Alex: [*] of Alaska.)
NathanWho is Stevens?
$8,600
TammyWho is Kirby?
$5,214
TerryWho is Ted Stevens?
$10,601
Ted Stevens

Final scores:

Terry Nathan Tammy
$25,401 $17,200 $6,986
2-day champion: $49,402 2nd place: $2,000 3rd place: $1,000

Game dynamics:

Coryat scores:

Terry Nathan Tammy
$12,600 $8,600 $12,800
18 R
(including 1 DD),
2 W
15 R,
3 W
15 R
(including 1 DD),
2 W
(including 1 DD)

Combined Coryat: $34,000

[game clues] [game scores] [suggest correction]

Game tape date: 2009-08-12
The J! Archive is created by fans, for fans. Scraping, republication, monetization, and malicious use prohibited; this site may use cookies and collect identifying information. See terms. The Jeopardy! game show and all elements thereof, including but not limited to copyright and trademark thereto, are the property of Jeopardy Productions, Inc. and are protected under law. This website is not affiliated with, sponsored by, or operated by Jeopardy Productions, Inc. Join the discussion at JBoard.tv.